• 首页
  • 本馆介绍
  • 公告通知
  • 最新文献
  • 馆藏检索
  • 电子资源
  • 读者导购
  • 参考咨询
  • 我的图书馆
  • 登录
  • 详细信息显示
  • 放入我的书架
  • 预约/预借图书
  • 作者相关作品
  • 分类相关作品
  • 丛书相关作品
  • 出版社相关作品

书目信息

  • 表格格式
  • 工作单格式
  • 卡片格式
题名:
丝绸之路漫记
    
 
作者: 成一 撰
分册:  
出版信息: 北京   新华出版社  1981.11
页数: 342页
开本: 20cm
丛书名:
单 册:
中图分类: K928.945
科图分类:
主题词: 丝绸之路--概况 , 游记--中国--现代
电子资源:
ISBN:
000 00619nam0 2200229 45
001 0184007568
005 20060912154253.65
010    @dCNY1.20
091    @a10203.036
100    @a19960215d1981 em y0chiy0121 ea
101 0  @achi
102    @aCN@b110000
105    @af z 000yy
200 10 @a丝绸之路漫记@Asi chou zhi lu man ji@f成一等撰@Fcheng yi deng zhuan
210    @a北京@c新华出版社@d1981.11
215    @a342页@c图片@d20cm
606    @a丝绸之路@x概况
606    @a游记@y中国@z现代
690    @aK928.945@v3
701  0 @a成一@Acheng yi@4撰
801  0 @aCN@bNLC@c20060912
905    @f1@b59817@dK928.945@e107
    
    丝绸之路漫记/成一等撰.-北京:新华出版社,1981.11
    342页:图片;20cm
    
    
    ISBN :CNY1.20
    
●
相关链接 在E读中查询图书 在五车中查询图书 在当当中查询图书 在豆瓣中查询图书


正题名:丝绸之路漫记     索取号:K928.945/107         预约/预借

序号 登录号 条形码 馆藏地/架位号 状态 备注
1 0059817   000081413   密集书库/ [索取号:K928.945/107] 在馆    
2 0059818   202302739   密集书库/ [索取号:K928.945/107] 在馆    
3 0166191   202182627   密集书库/ [索取号:K928.945/107] 在馆    
4 0166192   202182663   密集书库/ [索取号:K928.945/107] 在馆    
5 0166193   000081422   第二样本阅览室/ [索取号:K928.945/107] 在馆    
6 0474978   204749781   密集书库/ [索取号:K928.945/107] 在馆    
唐山师范学院图书馆 欢迎您!
大连网信软件有限公司© 版权所有